| 000 | 01105cam a2200325 a 4500 | ||
|---|---|---|---|
| 001 | sjds15092641 | ||
| 003 | sjds | ||
| 005 | 20170624110701.0 | ||
| 008 | 071126s2008 nyua j b 001 0beng | ||
| 010 | _a 2007282104 | ||
| 020 | _a9781404276444 (lib. bdg.) | ||
| 020 | _a1404276440 (lib. bdg.) | ||
| 040 |
_aDLC _cDLC _dDLC |
||
| 041 | 0 |
_aeng _aspa |
|
| 043 | _an-us--- | ||
| 050 | 0 | 0 |
_aGV1032.H24 _bD39 2008a |
| 082 | 0 | 0 |
_a796.7272092 _aB _222 |
| 100 | 1 | _aDayton, Connor. | |
| 245 | 1 | 0 |
_aDenny Hamlin / _cConnor Dayton ; traducción al español, Eduardo Alamán. |
| 250 | _a1st ed., Bilingual ed. | ||
| 260 |
_aNew York : _bPowerKids Press: _bEditorial Buenas Letras, _c2008. |
||
| 300 |
_a24 p. : _bcol. ill. ; _c19 cm. |
||
| 490 | 0 | _aNASCAR champions | |
| 504 | _aIncludes bibliographical references and index. | ||
| 546 | _aEnglish and Spanish. | ||
| 600 | 1 | 0 |
_aHamlin, Denny, _d1980- _vJuvenile literature. |
| 650 | 0 |
_aStock car drivers _zUnited States _vBiography _vJuvenile literature. |
|
| 942 | _cBK | ||
| 999 |
_c17704 _d17704 |
||